<?xml version="1.0" encoding="UTF-8"?>
<marc:record xmlns:marc="http://www.loc.gov/MARC21/slim">
   <marc:leader>00000nam a2200000 a 4500</marc:leader>
   <marc:datafield ind1="1" ind2=" " tag="100">
      <marc:subfield code="a">Krell, Detlef</marc:subfield>
      <marc:subfield code="4">aut</marc:subfield>
      <marc:subfield code="e">Verfasser/-in</marc:subfield>
   </marc:datafield>
   <marc:datafield ind1=" " ind2=" " tag="653">
      <marc:subfield code="a">Individualreisende</marc:subfield>
   </marc:datafield>
   <marc:datafield ind1=" " ind2=" " tag="653">
      <marc:subfield code="a">Sachsen</marc:subfield>
   </marc:datafield>
   <marc:datafield ind1=" " ind2=" " tag="653">
      <marc:subfield code="a">Elbsandsteingebirge</marc:subfield>
   </marc:datafield>
   <marc:datafield ind1=" " ind2=" " tag="653">
      <marc:subfield code="a">Bastei</marc:subfield>
   </marc:datafield>
   <marc:datafield ind1=" " ind2=" " tag="653">
      <marc:subfield code="a">Dresden</marc:subfield>
   </marc:datafield>
   <marc:datafield ind1=" " ind2=" " tag="653">
      <marc:subfield code="a">Elbe</marc:subfield>
   </marc:datafield>
   <marc:datafield ind1=" " ind2=" " tag="653">
      <marc:subfield code="a">Wandern</marc:subfield>
   </marc:datafield>
   <marc:datafield ind1=" " ind2=" " tag="653">
      <marc:subfield code="a">Böhmische Schweiz</marc:subfield>
   </marc:datafield>
   <marc:datafield ind1=" " ind2=" " tag="653">
      <marc:subfield code="a">Ostdeutschland</marc:subfield>
   </marc:datafield>
   <marc:datafield ind1=" " ind2=" " tag="653">
      <marc:subfield code="a">2021</marc:subfield>
   </marc:datafield>
   <marc:datafield ind1=" " ind2=" " tag="653">
      <marc:subfield code="a">Softcover / Reisen/Reiseführer/Deutschland</marc:subfield>
   </marc:datafield>
   <marc:datafield ind1="0" ind2="0" tag="245">
      <marc:subfield code="a">Sächsische Schweiz</marc:subfield>
   </marc:datafield>
   <marc:datafield ind1="0" ind2="0" tag="245">
      <marc:subfield code="c">Detlef Krell</marc:subfield>
   </marc:datafield>
   <marc:datafield ind1=" " ind2="1" tag="264">
      <marc:subfield code="a">Bielefeld</marc:subfield>
      <marc:subfield code="b">Reise Know-How Verlag Peter Rumpf</marc:subfield>
      <marc:subfield code="c">2021</marc:subfield>
   </marc:datafield>
   <marc:datafield ind1=" " ind2=" " tag="250">
      <marc:subfield code="a">11., neu bearbeitete und aktualisierte Auflage</marc:subfield>
   </marc:datafield>
   <marc:datafield ind1="1" ind2=" " tag="520">
      <marc:subfield code="a">Angaben aus der Verlagsmeldung

Reise Know-How Reiseführer Sächsische Schweiz (mit Stadtführer Dresden) / von Detlef Krell

Der Reiseführer für die Sächsische Schweiz (auch bekannt als Elbsandsteingebirge) von Reise Know-How – umfassend, engagiert und aktuell:
Mehr als 1200 Kilometer markierte Wanderwege und zahlreiche Kur- und Ferienorte erwarten die Besucher. Folgen Sie dem Autor zur Einsamkeit der Affensteine, auf den Gratweg über die Schrammsteine oder per Kahn durch die moosdunkle Klamm der Kirnitzsch. Entdecken Sie die Böhmische Schweiz jenseits der tschechischen Grenze, die mit der Sächsischen Schweiz eine naturräumliche Einheit bildet. Besuchen Sie die Museen, Galerien, Boulevards, Kneipen und Cafés Dresdens und genießen Sie einen Abstecher nach Meißen und Moritzburg sowie in die Elbweindörfer.

Wer die Sächsische Schweiz individuell entdecken möchte, findet in diesem Reiseführer ausführliche Informationen zur Geschichte der Region und zu allen sehenswerten Orten, davon allein 100 Seiten zu Dresden und Umgebung, sowie zahlreiche Wandervorschläge. Die gesondert gekennzeichneten Highlights und die persönlichen Autorentipps vereinfachen die Reiseplanung. 30 Ortspläne und Karten, ein ausführliches Register und zahlreiche Querverweise im Buch erleichtern die Orientierung vor Ort.

Unterwegs mit Reise Know-How – mehr wissen, mehr sehen, mehr erleben.
</marc:subfield>
   </marc:datafield>
   <marc:datafield ind1=" " ind2=" " tag="020">
      <marc:subfield code="a">9783831734931</marc:subfield>
      <marc:subfield code="9">9783831734931</marc:subfield>
   </marc:datafield>
   <marc:datafield ind1=" " ind2=" " tag="020">
      <marc:subfield code="a">3831734933</marc:subfield>
      <marc:subfield code="9">3831734933</marc:subfield>
   </marc:datafield>
   <marc:datafield ind1=" " ind2=" " tag="041">
      <marc:subfield code="a">ger</marc:subfield>
   </marc:datafield>
   <marc:datafield ind1=" " ind2=" " tag="300">
      <marc:subfield code="a">419 Seiten</marc:subfield>
   </marc:datafield>
</marc:record>
